States with the Most Elevation Span - Statistics

General Stats
  • This quiz has been taken 23 times
  • The average score is 10 of 10
Answer Stats
Elevation Span (ft) State % Correct
12,567 Arizona
100%
11,123 Colorado
100%
11,958 Idaho
100%
12,668 Nevada
100%
11,249 Oregon
100%
11,534 Utah
100%
14,400 Washington
100%
20,310 Alaska
95%
14,787 California
95%
13,803 Hawaii
90%
No matching quizzes found
Score Distribution
Percent of People with Each Score
Percentile by Number Answered
Your Score History
You have not taken this quiz